00500nam a22001817a 450000500170000000800410001704000070005804100120006508200210007710000250009824500310012326000400015430000150019436500540020944000130026365000080027665000340028420241213115627.0241213b ||||| |||| 00| 0 eng d cAL aEnglish 223a348.04bEASS aEastern Book Company aSupreme Court Cases: Vol 2 aLucknowbEastern Book Companyc1974 a917 p.bHB a1061b₹959.52c₹d₹1279.36e25%f28-11-2024 aVolume 2 aLaw aMode of citation (1974) 2 SCC